| 000 | 00692nam a22002177a 4500 | ||
|---|---|---|---|
| 999 |
_c15801 _d15801 |
||
| 003 | AR-CdUCM | ||
| 008 | 190429b ||||| |||| 00| 0 spa d | ||
| 020 | _a978-970-718-153-3 | ||
| 040 |
_aMUNICIPALIDAD PROVINCIAL DEL CUSCO _cBIBLIOTECA MUNICIPAL DEL CUSCO |
||
| 082 |
_aPI / 376.1 / _bG84 |
||
| 110 |
_aDisney _933330 |
||
| 245 |
_aDisney baby einstein : _bLa guarderia de idiomas / |
||
| 260 |
_aMexico : _bAdvanced marketing, _c2011. |
||
| 300 |
_bIlustraciones, graficos, dibujos _c15 cm. _eEspejo |
||
| 500 | _aCuentos e historias infantiles | ||
| 650 |
_aCuentos _9217 |
||
| 650 |
_aHistoria _9136 |
||
| 650 |
_aLiteratura _983 |
||
| 942 |
_2ddc _cLIBROS |
||
| 945 |
_apjha _d2019-04-30 |
||